000 004740000a22001930004500
999 _c48903
_d48903
001 1745
003 CO-MdFUSB
005 20180222180849.0
008 180222b xxu||||| |||| 00| 0 eng d
020 _a84-261-3030-5
040 _cCO-MdBIC
082 0 4 _a863C W462h
100 1 _aWells, Robert E.
245 1 0 _a¿Hay algo más grande que una ballena azul? / Robert E. Wells
250 _a2a ed.
260 _aBarcelona : Juventud
300 _a[30 P.]
942 _cLGB